000 00593nam a2200229Ia 4500
003 OSt
005 20221007075313.0
006 a|||||r|||| 00| 0
007 ta
008 221006b |||||||| |||| 00| 0 eng d
024 _a11,554
037 _cTextual
040 _aFLL
_cFLL
_beng
041 _2eng
_aeng
082 _aV2.N5, M0
100 _aChandra C.R. Au.
_9693757
245 0 _aRoad to freedom
260 _aNew Delhi
_bGitianjali prakashan India
_c1980
300 _a355p
_ccm.
942 _hV2.N5, M0
_cTEXL
_2CC
999 _c1155556
_d1155556